000 00441nam a22001457a 4500
082 _aBEE-2 ZUH
100 _aZuha Mujahid
_992911
245 _aLie Detection from a Video Sequence
260 _aIslamabad
_bNUST SEECS
_c2014
500 _aSupervisor: Dr.Anisur-Rehan
563 _aHB
700 _aZuha Mujahid, Nida Usmani, Syeda Khoobru Gilani
_992912
856 _uhttp://10.250.8.41:8080/xmlui/handle/123456789/10817
942 _cPR
_2ddc
999 _c13022
_d13022